| 000 | 01450cam a22004097a 4500 | ||
|---|---|---|---|
| 003 | CHAP | ||
| 005 | 20220817043550.0 | ||
| 008 | 990805d1984 it rns 00110 spa d | ||
| 010 | _a78651 | ||
| 011 | _a79623 | ||
| 022 | _a0429-9329 | ||
| 035 | _a89989 | ||
| 040 | _cCHAP | ||
| 082 | 0 | 4 |
_a639.2 _bF39Y v.815 |
| 110 | 2 | _aFAO | |
| 245 | 1 | 0 |
_aEstadísticas de la producción de acuicultura _c/por FAO. |
| 260 |
_aRoma : _bFAO, _c19-- |
||
| 300 | _av. | ||
| 410 | _aFAO | ||
| 490 | 0 |
_aCircular de pesca _v; 815 |
|
| 500 | _aLa biblioteca tiene : 1984-1993, 1985-1994, 1986-1995, 1988-1997 | ||
| 590 |
_aBATCH-UPD _b10 _c20130110 _lUCH01 _h0707 |
||
| 590 |
_aBATCH-UPD _b10 _c20130110 _lUCH01 _h2347 |
||
| 590 |
_aBATCH-UPD _b10 _c20130410 _lUCH01 _h0352 |
||
| 590 |
_aCONVERSION _b10 _c20130109 _lUCH01 _h1344 |
||
| 650 | 1 | 4 |
_aAcuicultura _xEstadisticas. _9768 |
| 710 | 0 |
_aFAO. Departamento de Pesca. _939511 |
|
| 810 | 0 | _aFAO | |
| 830 | 0 | 0 |
_aCircular de pesca _v; 815 _923380 |
| 901 | _aBK | ||
| 905 | _aLilia Sánchez G. | ||
| 942 | _cLIBRO | ||
| 949 |
_a639.2 F39Y v.815 _bBC _cFAO _d33724000730172 _eFAO1 _f1988-97 _h96216 _i89989 _kDonaciØn _sb |
||
| 949 |
_a639.2 F39Y v.815 _bBC _cFAO _d33724000734745 _eFAO1 _f1984-93 _h96065 _i89989 _kDonaciØn _sb |
||
| 949 |
_a639.2 F39Y v.815 _bBC _cFAO _d33724000734828 _eFAO1 _f1986-95 _h96066 _i89989 _kDonaciØn _sb |
||
| 949 |
_a639.2 F39Y v.815 _bBC _cFAO _d33724000736955 _eFAO1 _f1985-94 _h96111 _i89989 _kDonaciØn _sb |
||
| 999 |
_c78651 _d78651 |
||